000 00341nam a2200145Ia 4500
008 230917s9999||||xx |||||||||||||| ||und||
040 _e136626
_aMAIN
041 _aEnglish
082 _a330.954 S64E
100 _aSingh, D Bright
245 0 _aEconomics of development
260 _aDelhi
_bAsia
_c1971
300 _a603 p.
942 _cBK
999 _c121632
_d121632